000 01411nam a2200397 c 4500
999 _c33021
_d33021
003 BLK
005 20241109005512.0
008 180408b bul|||||r ||||||| ||bul||
010 _aKNG00035704000
020 _a954-9548-10-4
040 _aBLK
041 _aBUL
_cBUL
072 7 _2bullib
_aК
_xКраезнание
080 _aРуска литература
_b821.161.1
_x-1
_z821.161.1-1
100 1 _aБурич, Владимир
_eпърви автор
_944019
139 _aБурич, Владимир
_bБ 88
245 1 0 _aСтокрилият ангел
_bСтихотворения
_cВладимир Бурич; подб. и прев. Здравко Крумов Кисьов; худож. Роман Кисьов.
257 _aRUS
260 _bАвагард принт
_c2000
300 _a80 с.
_bс ил.
_c15 см
380 _aX
490 1 _aБибл. Поетичен атлас
500 _aПрев. по Тексты / Владимир Бурич
659 _aК
700 1 _aКисьов, Здравко Крумов
_d1937-2015
_gПоет. Преводач.
_979339
700 1 _aКисьов, Роман
_eхудож.
_9272689
852 _aЦб І 30318
852 _aК 821/Б 87 В
856 4 _qpdf
856 4 _qpdf
942 _cKNG
_n0
_s1
944 _aCR
_c08.05.2003
_k
_lCRON CRON
944 _aED
_c08.05.2003
999 _d33021
999 _d33021